00723nam a2200229Ia 4500003000900000008004100009040001300050040001300063041000800076100001800084245007200102250001100174260002000185260000900205300001100214300001000225490002800235490000600263942000700269999001700276952020000293IT-RoPAU120407s9999 xx 000 0 und d aIT-RoPAU cIT-RoPAU aita aUmberto Forti aLa teoria di Einstein. Concetti fondamentali ed evoluzione storica. aMilano aNuova Accademia c1961 a207 p. c18 cm aIl mosaico del pensiero v1 cBK c28679d28679 00102ddc406L_M_527_00000000000000071aPAULUSbPAULUSd2012-04-11l0oL M.527r2012-04-11 00:00:00w2012-04-11yBKzInserito da: Jole In data: 30 luglio 2011 fondo: Via A.Severo 56 Progr:22126